000 00592nam a2200205Ia 4500
005 20260429112017.0
008 260429s9999||||xx |||||||||||||| ||und||
020 _a9781032396859
041 _aEnglish
082 _a371.904
_bGRA
100 _aGraham, Linda J.
245 0 _aInclusive education for the 21st century :
_btheory, policy and practice /
_cLinda J. Graham
250 _a2nd ed.
260 _aNew Delhi :
_bRoutledge,
_c2024.
300 _axix, 397 p.; pbk
650 _a Educational policy
650 _a Teaching methods
650 _aInclusive education
942 _cTB
999 _c51876
_d51876